| 000 | 00588nam a22001817a 4500 | ||
|---|---|---|---|
| 003 | CEME | ||
| 005 | 20210628210158.0 | ||
| 008 | 210215b xxu||||| |||| 00| 0 eng d | ||
| 020 | _a0-89006-945-X | ||
| 040 | _c. | ||
| 082 | _a621.3845 HES | ||
| 100 |
_aHess, Garry.C _976078 |
||
| 245 | _aHandbook of land mobile radio system coverage | ||
| 260 |
_aNEW YORK _bARTECH HOUSE _c1998 |
||
| 300 | _a349P | ||
| 650 |
_aMOBILE COMMUNICATION SYSTEMS-HANDBOOK MANUALS MOBILE RADIO STATIONS-HANDBOOKS,MANUAL MOBILE RADIO STATIONS RADIO TRANSMITTERS AND TRANSMISSION _978393 |
||
| 942 |
_cBK _2ddc |
||
| 999 |
_c583519 _d583519 |
||